Transport processes in nature : (Record no. 6884)

MARC details
000 -LEADER
fixed length control field 01365cam a22003254a 4500
001 - CONTROL NUMBER
control field 13380304
003 - CONTROL NUMBER IDENTIFIER
control field OSt
005 - DATE AND TIME OF LATEST TRANSACTION
control field 20210419120646.0
008 - FIXED-LENGTH DATA ELEMENTS--GENERAL INFORMATION
fixed length control field 031022s2004 enka b 001 0 eng
010 ## - LIBRARY OF CONGRESS CONTROL NUMBER
LC control number 2003064192
020 ## - INTERNATIONAL STANDARD BOOK NUMBER
International Standard Book Number 0521800498 (HB)
020 ## - INTERNATIONAL STANDARD BOOK NUMBER
International Standard Book Number 0521804841 (pbk.)
040 ## - CATALOGING SOURCE
Original cataloging agency DLC
Transcribing agency DDC
Modifying agency DLC
042 ## - AUTHENTICATION CODE
Authentication code pcc
050 00 - LIBRARY OF CONGRESS CALL NUMBER
Classification number QH541
Item number .R393 2004
082 00 - DEWEY DECIMAL CLASSIFICATION NUMBER
Classification number 577REI 2004
100 1# - MAIN ENTRY--PERSONAL NAME
Personal name Reiners, William A.
9 (RLIN) 14120
245 10 - TITLE STATEMENT
Title Transport processes in nature :
Remainder of title propagation of ecological influences through environmental space /
Statement of responsibility, etc. William A. Reiners, Kenneth L. Driese.
260 ## - PUBLICATION, DISTRIBUTION, ETC. (IMPRINT)
Place of publication, distribution, etc. Cambridge, UK ;
-- New York, NY, USA :
Name of publisher, distributor, etc. Cambridge University Press,
Date of publication, distribution, etc. 2004.
300 ## - PHYSICAL DESCRIPTION
Extent xii, 302 p. :
Other physical details ill. ;
Dimensions 26 cm. +
Accompanying material 1 CD-ROM (4 3/4 in.)
440 #0 - SERIES STATEMENT/ADDED ENTRY--TITLE
Title Cambridge studies in landscape ecology
9 (RLIN) 14121
504 ## - BIBLIOGRAPHY, ETC. NOTE
Bibliography, etc Includes bibliographical references (p. 268-297) and index.
650 #0 - SUBJECT ADDED ENTRY--TOPICAL TERM
Topical term or geographic name as entry element Ecology.
9 (RLIN) 544
700 1# - ADDED ENTRY--PERSONAL NAME
Personal name Driese, Kenneth L.
9 (RLIN) 14122
856 42 - ELECTRONIC LOCATION AND ACCESS
Materials specified Publisher description
Uniform Resource Identifier http://www.loc.gov/catdir/description/cam041/2003064192.html
856 41 - ELECTRONIC LOCATION AND ACCESS
Materials specified Table of contents
Uniform Resource Identifier http://www.loc.gov/catdir/toc/cam041/2003064192.html
906 ## - LOCAL DATA ELEMENT F, LDF (RLIN)
a 7
b cbc
c orignew
d 1
e ocip
f 20
g y-gencatlg
942 ## - ADDED ENTRY ELEMENTS (KOHA)
Source of classification or shelving scheme Dewey Decimal Classification
Koha item type Open Shelf
Holdings
Withdrawn status Lost status Source of classification or shelving scheme Damaged status Not for loan Home library Current library Date acquired Source of acquisition Inventory number Total Checkouts Full call number Barcode Date last seen Date last checked out Price effective from Koha item type
    Dewey Decimal Classification     MUST Main Library MUST Main Library 19/04/2021 Purchase 11/33076 1 577REI 2004 2021-0432 24/04/2021 20/04/2021 19/04/2021 Open Shelf